000 00449nam a2200181Ia 4500
003 GCL
008 140319s9999 xx 000 0 eng d
040 _aGCL /
_cGCL
082 0 4 _a821
_bP S
100 1 _aPEARCE, ROBERT
245 1 0 _aTHE SAYINGS OF GEORGE ORWELL /
_cPEARCE, ROBERT
260 _a[S.N] :
_bDUCKWORTH & CO. ،
_c1994
300 _a64 P
650 0 4 _aARTS
650 0 4 _aORWELL, GEORGE
650 0 4 _aBIOGRAPHIES
942 _2ddc
_cBK
999 _c24992
_d24992